El paseo de nina / (Registro nro. 9350)

Detalles MARC
000 -LIDER
fixed length control field 00535nam a22001937a 4500
003 - IDENTIFICACDOR DE NÚMERO DE CONTROL
control field DO-SdBNP
005 - DATE AND TIME OF LATEST TRANSACTION
control field 20180222115723.0
008 - ELEMENTOS DE LONGITUD FIJA
fixed length control field 160321b xxu||||| |||| 00| 0 spa d
020 ## - ISBN
International Standard Book Number 8426352413
040 ## - FUENTE DE CATALOGACIÓN
Agencia que crea de manera original el registro BPMSU
Idioma de catalogación spa
Agencia que realiza la transcripción BPMSU
100 ## - ASIENTO PRINCIPAL -- NOMBRE PERSONAL
Nombre personal Carrier, Isabelle
245 #3 - MENCIÓN DE TITULO
Título El paseo de nina /
Mención de responsabilidad Isabelle Carrier ; traducción Violante Krahe
260 ## - PUBLICACIÓN, DISTRIBUCIÓN, ETC. (PIE DE IMPRENTA)
Lugar de publicación, distribución, etc Zaragoza
Nombre del editor, distribuidor, etc. Luis Vives
Fecha de publicación, distribución, etc 2003
300 ## - DESCRIPCIÓN FÍSICA
Extensión 45 p. :
Otros detalles físicos il. :
Dimensiones 15 cm
490 ## - MENCIÓN DE SERIES
Mención de serie Edelvives
942 ## - ADDED ENTRY ELEMENTS (KOHA)
Source of classification or shelving scheme Dewey Decimal Classification
Koha item type Libros
945 ## - INFORMACIÓN DE PROCESAMIENTO LOCAL
Información de procesamiento local Inventariado, 2018/MFF
956 ## - LOCAL ELECTRONIC LOCATION AND ACCESS (OCLC)
Nombre de host daysi garcia
Existencias
Withdrawn status Lost status Source of classification or shelving scheme Damaged status Not for loan Collection code Home library Current library Date acquired Source of acquisition Total Checkouts Barcode Date last seen Price effective from Koha item type
    Dewey Decimal Classification     Colección Infantil General Biblioteca Pública Metropolitana Salomé Ureña Biblioteca Pública Metropolitana Salomé Ureña 02/22/2018 Donación   BPMSU18020244 02/22/2018 02/22/2018 Libros